Das digitale Archiv
| Titel: | Das digitale Archiv : Aufbau und Auswertung einer Datenbank zur Geschichte des Konzentrationslagers Auschwitz / Thomas Grotum |
|---|---|
| Verfasser: | |
| Veröffentlicht: | Frankfurt am Main : Campus-Verlag, 2004 |
| Umfang: | 381 Seiten : Illustrationen, Diagramme |
| Format: | Buch |
| Sprache: | Deutsch |
| Hochschulschrift: | Dissertation, Technische Universität Darmstadt, 2001 |
| RVK-Notation: |
·
·
·
|
| ISBN: | 3593374811 |
| Hinweise zum Inhalt: |
Inhaltsverzeichnis
|
alg: 12032572
001A $00030:05-04-04
001B $01999:15-12-25 $t14:03:01.000
001D $00066:07-06-04
001U $0utf8
001X $00
002@ $0Aau
002C $aText $btxt $2rdacontent
002D $aohne Hilfsmittel zu benutzen $bn $2rdamedia
002E $aBand $bnc $2rdacarrier
003@ $0120325721
003O $054825490 $aOCoLC
004A $03-593-37481-1
004K $09783593374819
006G $0969724039
006T $004,N04,1923
006U $004,H06,3149 $f20031219
007A $0120325721 $aHEB
007G $0DE02014D0D8F4B2DB1A3AC1257C300048888A
007T $0Herd72614
007T $0FBauInsta0006221
009P $qapplication/pdf $A2 $3Inhaltsverzeichnis $uhttps://scans.hebis.de/HEBCGI/show.pl?12032572_toc.pdf $mV:DE-603;B:DE-Mb50
010@ $ager
011@ $a2004
013D $RWissenschaftliche Literatur $#Dissertations, Academic $#Thèses et écrits académiques $#Hochschulschrift $74113937-9 $8Hochschulschrift [Tsz] $9085338818
021A $aDas @digitale Archiv $dAufbau und Auswertung einer Datenbank zur Geschichte des Konzentrationslagers Auschwitz $hThomas Grotum
028A $BVerfasser $4aut $7172107466 $8Grotum, Thomas$Z1964- [Tp3] $9296309362
033A $pFrankfurt am Main $nCampus-Verlag
034D $a381 Seiten
034M $aIllustrationen, Diagramme
037A $aLiteraturverzeichnis Seite [329] - 363
037C $dDissertation $eTechnische Universität Darmstadt $f2001
039U $aRezensiert in $8--Oox--Zanden, Christine van der. Grotum, Thomas. Das @digitale Archiv. - Frankfurt am Main {[u.a.] : Campus-Verl.. - 2004 [Rezension], 2006 $9394909127
044K $qDNB $#KZ Auschwitz $#Auschwitz I $74003697-2 $8Konzentrationslager Auschwitz [Tb1] $9085001635
044K $qDNB $RAkte $RArchivbestand $RArchivierung $RArchiv $#Archival materials $#Documenti d'archivio $#Materiales de archivo $#Archivgut Archivalien $#Archivale $#Archivalie $74142968-0 $8Archivalien [Ts1] $9085559229
044K $qDNB $#Indexing $#Indexation (documentation) $#Erschließung Dokumentation $74144925-3 $8Bestandserschließung [Ts1] $9085575054
044K $qDNB $RInformationsmittel $#Electronic information resources $#Sources d'information électroniques $#Recursos de información electrónicos $#Elektronisches Informationsinstrument $#Digitales Informationsmittel $74604771-2 $8Elektronisches Informationsmittel [Ts1] $9093458940
045B $a025.06940531853858 $ALoC $eDDC22oclc
045E $c940 $c020
045F $a909.049240943 $eDDC23BSB
045F/01 $a909.04924
045F/03 $g43
045F/03 $g4386
045G $a900.9430904 $eDDC23BSB
045G/01 $a900
045G/03 $f0904
045G/03 $g43
045G/03 $g4386
045H $a901.0943 $eDDC23BSB
045H/01 $a901
045H/03 $g43
045I $a020.943 $eDDC23BSB
045I/01 $a020
045I/03 $g43
045J $a907.209438 $eDDC23BSB
045J/01 $a907.2
045J/03 $g438
045Z $8NB 2800 [Tkv] $9410847984
045Z $8NQ 2350 [Tkv] $9410912255
045Z $8NQ 2360 [Tkv] $9410912263
045Z $8ND 1430 [Tkv] $9410855448
lok: 12032572 3
101B $021-04-05 $t16:11:38.000
101C $005-04-04
144Z/20 $aj04mai
145S/01 $a039
145S/06 $a770
145Z/01 $a900 T 100 De 5267 Auschwitz
101U $0utf8
exp: 12032572 3 1 #EPN
201B/01 $005-04-04 $t16:20:40.000
201C/01 $005-04-04
203@/01 $0212400258
208@/01 $a05-04-04 $bzAa
209A/01 $a87.669.83 $du $f000 $h87 669 83 $x00
209G/01 $a87669831 $x00
247C/01 $8601000-3 <30>Frankfurt, Universitätsbibliothek J. C. Senckenberg, Zentralbibliothek (ZB) $9102598258
201U/01 $0utf8
lok: 12032572 8
101B $028-04-04 $t14:49:04.000
101C $028-04-04
145Z/50 $a15.03
145Z/51 $a15.43
145Z/52 $a54.64
101U $0utf8
exp: 12032572 8 1 #EPN
201B/01 $028-04-04 $t14:49:04.000
201C/01 $007-04-04
203@/01 $021250956X
208@/01 $a07-04-04 $bz
209A/01 $aHS 178/103 $du $f000 $x00
209G/01 $a15692340 $x00
247C/01 $8611000-9 <17>Darmstadt, TU Darmstadt, Universitäts- und Landesbibliothek - Stadtmitte $9102595879
201U/01 $0utf8
exp: 12032572 8 2 #EPN
201B/02 $009-12-15 $t15:06:34.000
201C/02 $007-04-04
201U/02 $0utf8
203@/02 $0212509926
208@/02 $a07-04-04 $bz
209A/02 $aHS 178/103 a $di $f000 $x00
209B/02 $a03 $x05
209B/02 $a04 $x06
209G/02 $a15692189 $x00
247C/02 $8611000-9 <17>Darmstadt, TU Darmstadt, Universitäts- und Landesbibliothek - Stadtmitte $9102595879
exp: 12032572 8 3 #EPN
201B/03 $003-05-23 $t19:40:02.000
201C/03 $016-09-04
201U/03 $0utf8
203@/03 $0219372780
208@/03 $a16-09-04 $bz
209A/03 $a/NQ 2350 G881 $du $f001 $x00
209B/03 $aa025 $x05
209C/03 $a54691
209G/03 $a53058841 $x00
209G/03 $a1. Obergeschoss $x01
247C/03 $8611001-0 <17/1>Darmstadt, TU Darmstadt, Universitäts- und Landesbibliothek - Schloss $9102595887
lok: 12032572 21
exp: 12032572 21 1 #EPN
201B/01 $007-06-04 $t11:53:55.000
201C/01 $027-04-04
203@/01 $0213327732
208@/01 $a27-04-04 $bz
209A/01 $a2004/1321 $du $f100 $h2004 1321 $x00
209G/01 $a50840719 $x00
209G/01 $aMagazin $x01
247C/01 $8640100-4 <66>Fulda, Hochschul-, Landes- und Stadtbibliothek Fulda, Standort Heinrich-von-Bibra-Platz $9102599599
201U/01 $0utf8
lok: 12032572 24
101B $008-05-06 $t14:14:41.000
101C $008-05-06
145Z/01 $a3 3 F
145Z/02 $a3 7 Nk
145Z/03 $a37 8 A 1
145Z/04 $a37 7 Nk
145Z/05 $a37 3 F
145Z/06 $a3 5 A
145Z/07 $a3 4 B
101U $0utf8
exp: 12032572 24 1 #EPN
201B/01 $008-05-06 $t14:14:41.000
201C/01 $009-02-06
203@/01 $0351972951
208@/01 $a08-05-06 $bz
209A/01 $a06.1385 $du $f050 $h06 1385 $x00
209C/01 $a06.1385 K $h06 1385 K
209G/01 $a70970821 $x00
220C/01 $awar/hae
247C/01 $8358050-7 Marburg, Bibliothek des Herder-Instituts Marburg $9102600961
201U/01 $0utf8
lok: 12032572 78
exp: 12032572 78 1 #EPN
201B/01 $027-03-18 $t23:17:17.000
201U/01 $0utf8
203@/01 $0791716309
208@/01 $a12-11-16 $be
209A/01 $a/ $f000 $x00
220C/01 $aTitelaufnehmer: cs;gk
237A/01 $aweiterführende Signatur(en): Herder-Institut: 06.1385
244Z/01 $2Trx $#Poola $#Lenkija $#Polija $#Polen Land $#Poland $#Lengyelország $#Poľsko $#Polsko $8--Trx--Polska$gkraj $x01 $9391345966
244Z/01 $#KZ Auschwitz $#Auschwitz I $74003697-2 $8--Tb1--Konzentrationslager Auschwitz $x02 $9085001635
244Z/01 $aGeschichte 1939-2001 $x03
244Z/01 $2Trx $#andmepangad $#duomenų bazės $#Databases $#adattárok $#bazy danych $#databanky $#databanky $#banki danych $8--Trx--Datenbanken $x04 $9391382810
244Z/01 $2Trx $#kontsetratsioonilaagrid 1933-1945 $#koncentracijos stovyklos 1933-1945 $#concentration camps 1933-1945 $#koncentrációs táborok 1933-1945 $#obozy koncentracyjne 1933-1945 $#tábory koncentračné 1933-1945 $#tábory koncentrační 1933-1945 $#Vernichtungslager $#obozy zagłady $#tábory vyhladzovacie $8--Trx--Konzentrationslager$g1933-1945 $x05 $9391374737
244Z/01 $2Trx $#Holokaust 1941-1945 $#Holokaustas 1941-1945 $#Holocaust 1941-1945 $#holocaust 1941-1945 $#holokaust 1941-1945 $#holokaust 1941-1945 $#holokaust 1941-1945 $#Shoah $#Judenvernichtung $#shoah $#shoah $#šoa $8--Trx--Holocaust$g1941-1945 $x06 $9391361090
244Z/01 $2Trx $8--Trx--Monographie $x07 $9391384546
244Z/01 $2Trx $8--Trx--Hochschulschrift $x08 $9391384589
245Z/01 $a13.03 $x01
245Z/01 $a04.10 $x02
247C/01 $82080>Marburg/Lahn, Herder-Institut, Forschungsbibliothek, Bibliographieportal $9336309341
lok: 12032572 106
101B $012-09-18 $t18:25:59.000
101C $012-09-18
101U $0utf8
145Z/01 $aHolocaust/Vernichtungslager: Auschwitz/Monographien
exp: 12032572 106 1 #EPN
201B/01 $012-09-18 $t18:25:59.000
201C/01 $012-09-18
201U/01 $0utf8
203@/01 $01029728216
208@/01 $a10-09-18 $br
209A/01 $aH 09 au m 54 $ds $f000 $hH 09 au m 0054 $x00
209C/01 $a10553
247C/01 $82508>Frankfurt/M., Bibliothek des Fritz Bauer Instituts zur Geschichte und Wirkung des Holocaust $9403831741
lok: 12032572 205
exp: 12032572 205 1 #EPN
201B/01 $002-07-18 $t11:36:48.000
201C/01 $027-06-18
201U/01 $0utf8
203@/01 $0102389890X
208@/01 $a02-07-18 $bz
209A/01 $a001 ND 1430 G881 $db $f000 $x00
209C/01 $a1 2018/06986
209C/01 $anel1807na
209G/01 $a56540164 $x00
209G/01 $aFreihandbereich $x01
247C/01 $8351000-1 <4>Marburg, Universität Marburg, Universitätsbibliothek $9102594767
| LEADER | 00000cam a2200000 c 4500 | ||
|---|---|---|---|
| 001 | 120325721 | ||
| 003 | DE-603 | ||
| 005 | 20251215140301.0 | ||
| 007 | tu | ||
| 008 | 040405s2004 xx |||| m u00||u|ger | ||
| 015 | |a 04,H06,3149 |z 04,N04,1923 |2 dnb | ||
| 016 | 7 | |2 DE-101 |a 969724039 | |
| 020 | |a 3593374811 | ||
| 024 | 3 | |a 9783593374819 | |
| 035 | |a (DE-599)HEB120325721 | ||
| 035 | |a (OCoLC)54825490 | ||
| 040 | |a DE-603 |b ger |c DE-603 |d DE-603 | ||
| 041 | |a ger | ||
| 082 | 0 | 4 | |8 1\u |a 909.049240943 |q DE-101 |2 23/BSB |
| 083 | 0 | |8 2\u |a 900.9430904 |q DE-101 |2 23/BSB | |
| 083 | 0 | |8 3\u |a 901.0943 |q DE-101 |2 23/BSB | |
| 083 | 0 | |8 4\u |a 020.943 |q DE-101 |2 23/BSB | |
| 083 | 0 | |8 5\u |a 907.209438 |q DE-101 |2 23/BSB | |
| 083 | 7 | |8 6\p |a 025.06940531853858 |2 22/oclc | |
| 084 | |a 940 |a 020 |q DE-101 |2 sdnb | ||
| 084 | |a NB 2800 |0 (DE-625)124077: |0 (DE-603)410847984 |2 rvk | ||
| 084 | |a NQ 2350 |0 (DE-625)128254: |0 (DE-603)410912255 |2 rvk | ||
| 084 | |a NQ 2360 |0 (DE-625)128255: |0 (DE-603)410912263 |2 rvk | ||
| 084 | |a ND 1430 |0 (DE-625)124821: |0 (DE-603)410855448 |2 rvk | ||
| 085 | |8 1\u |b 909.04924 | ||
| 085 | |8 1\u |z 2 |s 43 | ||
| 085 | |8 1\u |z 2 |s 4386 | ||
| 085 | |8 2\u |b 900 | ||
| 085 | |8 2\u |z 1 |s 0904 | ||
| 085 | |8 2\u |z 2 |s 43 | ||
| 085 | |8 2\u |z 2 |s 4386 | ||
| 085 | |8 3\u |b 901 | ||
| 085 | |8 3\u |z 2 |s 43 | ||
| 085 | |8 4\u |b 020 | ||
| 085 | |8 4\u |z 2 |s 43 | ||
| 085 | |8 5\u |b 907.2 | ||
| 085 | |8 5\u |z 2 |s 438 | ||
| 100 | 1 | |a Grotum, Thomas |d 1964- |e Verfasser |4 aut |0 (DE-603)296309362 |0 (DE-588)172107466 |2 gnd | |
| 245 | 0 | 0 | |a Das digitale Archiv |b Aufbau und Auswertung einer Datenbank zur Geschichte des Konzentrationslagers Auschwitz |c Thomas Grotum |
| 264 | 1 | |a Frankfurt am Main |b Campus-Verlag |c 2004 | |
| 300 | |a 381 Seiten |b Illustrationen, Diagramme | ||
| 336 | |a Text |b txt |2 rdacontent | ||
| 337 | |a ohne Hilfsmittel zu benutzen |b n |2 rdamedia | ||
| 338 | |a Band |b nc |2 rdacarrier | ||
| 500 | |a Literaturverzeichnis Seite [329] - 363 | ||
| 502 | |b Dissertation |c Technische Universität Darmstadt |d 2001 | ||
| 610 | 1 | 7 | |a Konzentrationslager Auschwitz |2 gnd |0 (DE-588)4003697-2 |0 (DE-603)085001635 |
| 650 | 7 | |a Archivalien |0 (DE-588)4142968-0 |0 (DE-603)085559229 |2 gnd | |
| 650 | 7 | |a Bestandserschließung |0 (DE-588)4144925-3 |0 (DE-603)085575054 |2 gnd | |
| 650 | 7 | |a Elektronisches Informationsmittel |0 (DE-588)4604771-2 |0 (DE-603)093458940 |2 gnd | |
| 655 | 7 | |a Hochschulschrift |2 gnd-content |0 (DE-588)4113937-9 |0 (DE-603)085338818 | |
| 787 | 0 | 8 | |i Rezensiert in |a Zanden, Christine van der |t Grotum, Thomas. Das digitale Archiv. - Frankfurt am Main [u.a.] : Campus-Verl.. - 2004 [Rezension] |w (DE-603)394909127 |
| 856 | 4 | 2 | |m V:DE-603;B:DE-Mb50 |q application/pdf |u https://scans.hebis.de/HEBCGI/show.pl?12032572_toc.pdf |3 Inhaltsverzeichnis |
| 883 | 0 | |8 6\p |q LoC | |
| 924 | 0 | |9 30 |a (DE-603)212400258 |b DE-30 |c HES |d c |g 87.669.83 | |
| 924 | 0 | |9 17 |a (DE-603)21250956X |b DE-17 |c HES |d c |g HS 178/103 | |
| 924 | 0 | |9 17 |a (DE-603)212509926 |b DE-17 |c HES |d c |g HS 178/103 a | |
| 924 | 0 | |9 17/1 |a (DE-603)219372780 |b DE-17-1 |c HES |d b |g /NQ 2350 G881 |h 1. Obergeschoss | |
| 924 | 0 | |9 66 |a (DE-603)213327732 |b DE-66 |c HES |d c |g 2004/1321 |h Magazin | |
| 924 | 0 | |9 Mb 50 |a (DE-603)351972951 |b DE-Mb50 |c HES |d c |g 06.1385 | |
| 924 | 0 | |9 2080 |a (DE-603)791716309 |b DE-2080 |c HES |d d |g / | |
| 924 | 0 | |9 2508 |a (DE-603)1029728216 |b DE-2508 |c HES |d d |g H 09 au m 54 | |
| 924 | 0 | |9 4 |a (DE-603)102389890X |b DE-4 |c HES |d c |g 001 ND 1430 G881 |h Freihandbereich | |


